La justificación del estado

Guardado en:
Detalles Bibliográficos
Autor principal: Fernández Miranda, Torcuato (Autor)
Formato: Libro
Lenguaje:español
Publicado: Madrid Instituto de Estudios Políticos 1946
Materias:
Etiquetas: Agregar Etiqueta
Sin Etiquetas, Sea el primero en etiquetar este registro!

MARC

LEADER 00000nam a2200000 a 4500
001 UCV0985
003 CL-VaPUC
008 890810e19460000SP |||||||||||||||||spa|d
082 0 4 |a 340.115  |b FER  |2 21 
100 0 |a Fernández Miranda, Torcuato  |e author  |9 295281 
245 1 3 |a La justificación del estado 
300 |a 183 p 
942 |c BK 
945 |d 19890810 00:00:00 
260 |a Madrid  |b Instituto de Estudios Políticos  |c 1946 
650 0 |a Filosofía del derecho   |9 255050 
583 |a last modification  |c 19890810 00:00:00  |k Rodrigo Vera 
999 |c 209115  |d 209113 
952 |0 0  |1 0  |4 0  |6 340_115000000000000_FER_1946  |7 0  |8 DER_TF  |9 184299  |a BIBDER  |b BIBDER  |d 2019-11-14  |i 2514915  |o 340.115 FER 1946  |p 2514915  |r 2023-01-25  |w 2019-11-14  |x Ubicación 4to Piso  |y BK  |z Estos recursos deben solicitarse con anticipación  |k DER 
952 |0 0  |1 0  |4 0  |6 340_115000000000000_FER_1946  |7 0  |8 A  |9 184300  |a BIBDER  |b BIBDER  |d 2019-11-14  |i 2007150  |o 340.115 FER 1946  |p 2007150  |r 2023-01-25  |w 2019-11-14  |y BK  |k DER